<?xml version="1.0" encoding="UTF-8"?>
<collection xmlns="http://www.loc.gov/MARC21/slim">
<record>
  <controlfield tag="001">4175</controlfield>
  <datafield tag="088" ind1=" " ind2=" ">
    <subfield code="a">2693</subfield>
  </datafield>
  <datafield tag="260" ind1=" " ind2=" ">
    <subfield code="c">1932</subfield>
  </datafield>
  <datafield tag="650" ind1="1" ind2="7">
    <subfield code="a">Yesteryear Collection</subfield>
  </datafield>
  <datafield tag="520" ind1=" " ind2=" ">
    <subfield code="a">Vacaville Traffic officer, Elmer King, giving a "ticket" for impeding traffic to local teachers, Alberta Dodson and Mildred Burton steering Leonard Mix's donkey. The occasion was The Saturday Club'd "Hi-Jinks" and parade on March 14, 1932.</subfield>
  </datafield>
  <datafield tag="980" ind1=" " ind2=" ">
    <subfield code="a">43905848739</subfield>
  </datafield>
  <datafield tag="960" ind1=" " ind2=" ">
    <subfield code="a">hc</subfield>
  </datafield>
</record>
</collection>